00679nam a2200169 a 450000100090000000800410000901000150005005000180006511000350008324500780011825000160019626000370021226000450024930000140029452001830030865000180049117134565161006s9999 ||||||||||||||||| || u a2012207331 aGV 1469.3 Gui aGuinness World Records Limited10aGuinness world records 2006 [edition]cedited by Craig Glenday and others aGamer's ed. aLondonbGuinness World Recordsc aLondonbGuinness World Records Limitedc a288, ill. aLists records, superlatives, and unusual facts about computer and video games, and includes interviews with champion gamers, tips on play, and profiles of the best-selling games. 0aWORLD RECORDS